| 000 | 01347nam a22002537a 4500 | ||
|---|---|---|---|
| 001 | 00007450 | ||
| 003 | DO-SdBNP | ||
| 005 | 20180313133913.0 | ||
| 007 | 00007450 | ||
| 008 | 160513b 2013 dr xxu||||| |||| 00| 0 spa d | ||
| 020 | _a9789945121483 | ||
| 040 |
_aBPMSU _bspa _cBPMSU |
||
| 092 |
_axxxxxx _bxxxxxx |
||
| 245 | 0 | 0 |
_aBiología 3 : _beducación media / _cpresentación ; Josefina Pimentel |
| 260 |
_aSanto Domingo : _bMinisterio de Educación, _c2013. |
||
| 300 |
_a212, [213] p. : _bil. ; _c27 cm. |
||
| 504 | _aBibliografía : p. [213] | ||
| 505 |
_tLa historia de la tierra -- _tEstudio de microfósiles cuaternarios -- _tLa evolución -- _tObservación experimental de coacervados – _tGenética -- _tAnálisis estadístico de los experimentos de Mendel -- _tLos seres vivos y el medio ambiente -- _tEstudio de la biocenosis de un suelo – _tDinámicas de los ecosistemas -- _tDeterminación de la energía radiante del sol – _tBiodivesidad vegetal -- _tEl paso del huracán Georges por nuestro país – _tBiodivesidad animal -- _tEstudio de un hábitat – _tRecursos naturales -- _tInvestigación en el entorno. |
||
| 700 | 1 | _aPimentel, Josefina | |
| 710 | 1 | 0 | _aMinisterio de Educación. República Dominicana |
| 942 |
_2ddc _cBK |
||
| 945 | _aRemanejado para la BNPHU / 2018 BT | ||
| 956 |
_2LOPEREZ _310 _620161305 _8BPMSU _a00041 |
||
| 999 |
_c10129 _d10129 |
||